Cách mạng tháng 8 (qua tư liệu ảnh)

Cuốn sách là tập hợp những bức ảnh tư liệu sống động và chân thực để minh họa cho những sự kiện lịch sử trước và khi diễn ra cuộc vận động cách mạng tháng tám năm 1945. Góp phần khắc họa lại những ký ức không thể nào quên về mọ...

Full beskrivning

Sparad:
Bibliografiska uppgifter
Materialtyp: Bok
Språk:Undetermined
Publicerad: Hà Nội Văn hóa - Thông tin 2015
Ämnen:
Taggar: Lägg till en tagg
Inga taggar, Lägg till första taggen!
Thư viện lưu trữ: Trung tâm Học liệu Trường Đại học Cần Thơ
LEADER 01195nam a2200217Ia 4500
001 CTU_202323
008 210402s9999 xx 000 0 und d
020 |c 199000 
082 |a 959.7041 
082 |b C102 
245 0 |a Cách mạng tháng 8 (qua tư liệu ảnh) 
245 0 |c Đỗ Hoàng Linh, Nguyễn Văn Dương, Vũ Kim Yến (Biên soạn) 
260 |a Hà Nội 
260 |b Văn hóa - Thông tin 
260 |c 2015 
520 |a Cuốn sách là tập hợp những bức ảnh tư liệu sống động và chân thực để minh họa cho những sự kiện lịch sử trước và khi diễn ra cuộc vận động cách mạng tháng tám năm 1945. Góp phần khắc họa lại những ký ức không thể nào quên về một trong những trang sử vẻ vang, hào hùng của quá trình dựng nước và giữ nước của dân tộc Việt Nam. 
650 |a Việt Nam,Vietnam 
650 |x Lịch sử,History 
650 |y 1945-1975,1945-1975 
904 |i Tuyến 
980 |a Trung tâm Học liệu Trường Đại học Cần Thơ